| 000 | 00703nam a22002297a 4500 | ||
|---|---|---|---|
| 003 | UA-OsUOA | ||
| 001 | 16801 | ||
| 007 | ta | ||
| 008 | 20030515b un ||||| |||| 00| 0 ukr d | ||
| 090 | _bП-78 | ||
| 942 | _cBK | ||
| 040 |
_aUA-OsUOA _bukr _cUA-OsUOA _dUA-OsUOA |
||
| 245 |
_aПрограми школи народного танцю _cМін-во освіти і науки України. Наук.-метод. центр середньої освіти. |
||
| 300 | _a68 с. | ||
| 955 | _a0 | ||
| 041 | _aukr | ||
| 020 | _a966-8306-01-5 | ||
| 591 | _a85.32 | ||
| 260 |
_aРівне _bВолинськы обереги _c2003 |
||
| 044 | _aUA | ||
| 650 | 7 |
_aКраєзнавча робота _2UDC |
|
| 999 |
_c302967 _d302967 |
||